Statystyki dla Top 15 Polskich Seriali Według Rankingu Filmwebu

Kliknij tutaj aby rozwiązać quiz!

Ogólne statystyki

  • Ten quiz został rozwiązany 349 razy
    (192 od ostatniego zresetowania)
  • Średni wynik to 3 z 15

Statystyki odpowiedzi

#Rok produkcjiSerial% Poprawnych
21983Alternatywy 4
54%
12005PitBull
38%
52014Wataha
32%
122018Ślepnąc od świateł
30%
62016Belfer
29%
151980Dom
29%
32008Czas honoru
18%
72018Kruk. Szepty słychać po zmroku
10%
92007Odwróceni
10%
42003Glina
9%
131980Kariera Nikodema Dyzmy
6%
112012Krew z krwi
6%
82016Artyści
3%
102014Czas honoru - Powstanie
3%
142011Bez tajemnic
2%

Rozkład punktacji

Percentyl według liczby udzielonych odpowiedzi

Procent ludzi z każdym wynikiem

Twoja historia wyników

Nie rozwiązałeś tego quizu od ostatniego zresetowania